UEFA Champions League 2018-19 Round of 16 Starting XI - Statistics

General Stats
  • This quiz has been taken 1,492 times
  • The average score is 123 of 176
Answer Stats
Team Player % Correct
Manchester United David de Gea
99%
Manchester United Marcus Rashford
94%
Manchester United Victor Lindelöf
94%
Tottenham Hotspur Hugo Lloris
93%
Paris Saint-Germain Kylian Mbappé
93%
FC Barcelona Lionel Messi
93%
Tottenham Hotspur Son Heung-min
93%
Paris Saint-Germain Thiago Silva
93%
Liverpool Alisson
92%
Manchester City Bernardo Silva
92%
Manchester City David Silva
92%
FC Barcelona Luis Suárez
92%
Real Madrid Luka Modrić
92%
FC Barcelona Marc-André ter Stegen
92%
Manchester United Paul Pogba
92%
Real Madrid Thibaut Courtois
92%
Liverpool Andrew Robertson
91%
Manchester United Anthony Martial
91%
Real Madrid Casemiro
91%
FC Barcelona Ivan Rakitić
91%
Real Madrid Karim Benzema
91%
Bayern Munich Manuel Neuer
91%
Liverpool Mohamed Salah
91%
Manchester United Nemanja Matić
91%
Liverpool Roberto Firmino
91%
Liverpool Sadio Mané
91%
Real Madrid Sergio Ramos
91%
Real Madrid Toni Kroos
91%
Paris Saint-Germain Ángel Di María
90%
Tottenham Hotspur Christian Eriksen
90%
Juventus Cristiano Ronaldo
90%
Real Madrid Dani Carvajal
90%
Bayern Munich David Alaba
90%
Atletico Madrid Jan Oblak
90%
Paris Saint-Germain Marco Verratti
90%
Lyon Moussa Dembélé
90%
FC Barcelona Ousmane Dembélé
90%
Bayern Munich Robert Lewandowski
90%
Liverpool Trent Alexander-Arnold
90%
Real Madrid Vinícius Júnior
90%
Ajax André Onana
89%
Atletico Madrid Antoine Griezmann
89%
Manchester City Ederson
89%
FC Barcelona Gérard Piqué
89%
Liverpool Jordan Henderson
89%
Manchester United Luke Shaw
89%
AS Roma Edin Džeko
88%
Bayern Munich James Rodríguez
88%
Liverpool Joël Matip
88%
FC Barcelona Jordi Alba
88%
Manchester City Kevin De Bruyne
88%
FC Barcelona Sergio Busquets
88%
Manchester City Serio Agüero
88%
Manchester United Eric Bailly
87%
Liverpool Georginio Wijnaldum
87%
Juventus Giorgio Chiellini
87%
Bayern Munich Kingsley Coman
87%
Juventus Leonardo Bonucci
87%
Tottenham Hotspur Lucas Moura
87%
Juventus Mario Mandžukić
87%
Ajax Matthijs de Ligt
87%
Juventus Paulo Dybala
87%
Borussia Dortmund Christian Pulisic
86%
Atletico Madrid Diego Godín
86%
Ajax Dušan Tadić
86%
Manchester City Ilkay Gündogan
86%
Paris Saint-Germain Julian Draxler
86%
Manchester City Kyle Walker
86%
Juventus Miralem Pjanić
86%
Bayern Munich Thiago Alcântara
86%
Ajax Frenkie de Jong
85%
Atletico Madrid Koke
85%
Liverpool Naby Keïta
85%
Paris Saint-Germain Presnel Kimpembe
85%
Manchester City Raheem Sterling
85%
Borussia Dortmund Achraf Hakimi
84%
Paris Saint-Germain Gianluigi Buffon
84%
Ajax Hakim Ziyech
84%
Real Madrid Nacho
84%
Real Madrid Gareth Bale
83%
Bayern Munich Joshua Kimmich
83%
Manchester City Nicolás Otamendi
83%
FC Barcelona Clément Lenglet
82%
Tottenham Hotspur Davinson Sánchez
82%
Tottenham Hotspur Jan Vertonghen
82%
Bayern Munich Javi Martínez
82%
Bayern Munich Mats Hummels
82%
Atletico Madrid Thomas Partey
82%
Juventus Alex Sandro
81%
Bayern Munich Serge Gnabry
81%
Atletico Madrid José Giménez
80%
Borussia Dortmund Jadon Sancho
79%
Paris Saint-Germain Juan Bernat
79%
AS Roma Kostas Manolas
79%
FC Barcelona Nelson Semedo
79%
Tottenham Hotspur Serge Aurier
79%
Tottenham Hotspur Toby Alderweireld
78%
Paris Saint-Germain Marquinhos
77%
Atletico Madrid Saúl Ñíguez
77%
Juventus Wojciech Szczęsny
77%
Manchester United Ander Herrera
76%
Porto Héctor Herrera
76%
Bayern Munich Niklas Süle
76%
Lyon Ferland Mendy
75%
Manchester City Fernandinho
75%
Ajax Nicolás Tagliafico
75%
Juventus Rodrigo Bentancur
75%
Borussia Dortmund Roman Bürki
75%
Juventus Blaise Matuidi
74%
Ajax David Neres
74%
Paris Saint-Germain Thilo Kehrer
74%
Lyon Anthony Lopes
73%
Atletico Madrid Filipe Luís
73%
Liverpool Fabinho
72%
Ajax Noussair Mazraoui
72%
Borussia Dortmund Axel Witsel
70%
Ajax Daley Blind
68%
AS Roma Aleksandar Kolarov
67%
Atletico Madrid Diego Costa
67%
Ajax Donny van de Beek
67%
Tottenham Hotspur Moussa Sissoko
67%
Porto Iker Casillas
66%
Atletico Madrid Juanfran
66%
Porto Pepe
65%
Lyon Memphis Depay
64%
Schalke 04 Salif Sané
59%
Borussia Dortmund Thomas Delaney
59%
Manchester United Jesse Lingard
58%
Atletico Madrid Rodri
58%
Tottenham Hotspur Harry Winks
57%
Ajax Lasse Schöne
57%
FC Barcelona Sergi Roberto
57%
AS Roma Daniele De Rossi
56%
Manchester City Aymeric Laporte
55%
Lyon Jason Denayer
55%
Manchester United Ashley Young
54%
AS Roma Alessandro Florenzi
53%
Lyon Bertrand Traoré
52%
Borussia Dortmund Dan-Axel Zagadou
51%
Lyon Marcelo
51%
Juventus Mattia De Sciglio
51%
AS Roma Federico Fazio
48%
Borussia Dortmund Ömer Toprak
47%
AS Roma Stephan El Shaarawy
46%
Lyon Houssem Aouar
45%
AS Roma Lorenzo Pellegrini
43%
Porto Danilo Pereira
42%
Lyon Tanguy Ndombele
39%
Porto Yacine Brahimi
39%
Borussia Dortmund Mario Götze
38%
Schalke 04 Weston McKennie
38%
Schalke 04 Ralf Fährmann
34%
Lyon Léo Dubois
32%
Paris Saint-Germain Dani Alves
31%
Tottenham Hotspur Juan Foyth
31%
AS Roma Nicolò Zaniolo
31%
Borussia Dortmund Abdou Diallo
30%
Schalke 04 Matija Nastasić
30%
Schalke 04 Nabil Bentaleb
30%
Porto Alex Telles
29%
AS Roma Bryan Cristante
29%
Real Madrid Sergio Reguilón
29%
Porto Otávio
27%
Porto Éder Militão
24%
Porto Felipe
22%
Schalke 04 Daniel Caligiuri
18%
Borussia Dortmund Mahmoud Dahoud
18%
AS Roma Antonio Mirante
17%
Porto Francisco Soares
15%
Lyon Martin Terrier
12%
Porto Fernando
9%
Schalke 04 Mark Uth
7%
Schalke 04 Bastian Oczipka
6%
Schalke 04 Jeffrey Bruma
6%
Schalke 04 Suat Serdar
6%
Schalke 04 Hamza Mendyl
3%
No matching quizzes found
Score Distribution
Percent of People with Each Score
Percentile by Number Answered
Your Score History
You have not taken this quiz